| 000 | 01072nam a2200241 a 4500 | ||
|---|---|---|---|
| 001 | BRCA_8838 | ||
| 005 | 20190320210430.0 | ||
| 008 | 050517s1769----sp-#######---#000-0#spa-# | ||
| 041 | _aspa | ||
| 044 | _asp | ||
| 084 |
_aBE219 _b.E83 1769 |
||
| 100 | 1 |
_aEscupoli, Lorenzo _922022 |
|
| 245 | 1 | 0 |
_aCombate espiritual _cescrito en idioma italiano por el Ven. Padre D. Lorenzo Escupoli, del Orden de los Padres Clerigos Reglares de S. Cayetano; traducido en lengua castellana por D. Damián Gonzalez del Cueto, Doctor en ambos Derechos; y reducido à la pureza Original en esta segunda impression, por el Padre D. Ramon de Guninel, del mesmo Orden; parte primera. |
| 260 |
_aBarcelona _bEn la Imprenta de María Angela _c1769 |
||
| 300 |
_a[54], 412p. (t.1) _c14.2 x 7.8 cm. |
||
| 501 | _aCon las licencias necesarias | ||
| 501 | _aEstado físico: presenta encuadernación en pergamino | ||
| 650 | 1 | 4 |
_aCristianismo _yObras anteriores a 1800 _921839 |
| 700 | 1 |
_aGonzález, Damián _etr. _922023 |
|
| 700 | 1 |
_aGuñinel, Ramon de _922024 |
|
| 902 | _aCFM | ||
| 942 |
_2lcc _cB |
||
| 999 |
_c8489 _d8489 |
||